Hợp tác của Pháp trong lĩnh vực đào tạo nguồn nhân lực: Quyển số 1

Saved in:
Bibliographic Details
Corporate Author: Đại sứ quán Pháp tại Việt Nam
Format: Book
Language:Undetermined
Published: Hà Nội Đại sứ quán Pháp tại Việt Nam 2003
Subjects:
Tags: Add Tag
No Tags, Be the first to tag this record!
Institutions: Trung tâm Học liệu Trường Đại học Cần Thơ
LEADER 00677nam a2200193Ia 4500
001 CTU_122078
008 210402s9999 xx 000 0 und d
082 |a 658.31245 
082 |b H466 
110 |a Đại sứ quán Pháp tại Việt Nam 
245 0 |a Hợp tác của Pháp trong lĩnh vực đào tạo nguồn nhân lực: Quyển số 1 
245 0 |c Đại sứ quán Pháp tại Việt Nam 
260 |a Hà Nội 
260 |b Đại sứ quán Pháp tại Việt Nam 
260 |c 2003 
650 |a personel management 
650 |x training 
904 |i Thủy 
980 |a Trung tâm Học liệu Trường Đại học Cần Thơ